Bordering Countries with the Highest Peace Difference - Statistics

General Stats
  • This quiz has been taken 26 times
  • The average score is 30 of 36
Answer Stats
Answer % Correct
China
100%
Russia
100%
Estonia
96%
Hungary
96%
Kazakhstan
96%
North Korea
96%
Turkmenistan
96%
Afghanistan
91%
Latvia
91%
Lithuania
91%
Moldova
91%
Mongolia
91%
Poland
91%
Romania
91%
Slovakia
91%
South Korea
91%
Tajikistan
91%
Ukraine
91%
Uzbekistan
91%
Finland
87%
Norway
87%
Jordan
83%
Syria
83%
Iraq
78%
Kuwait
78%
Oman
78%
Saudi Arabia
78%
Turkey
78%
Yemen
78%
DR Congo
74%
Bulgaria
70%
Canada
57%
Tanzania
57%
United States
57%
Zambia
57%
Angola
52%
No matching quizzes found
Score Distribution
Percent of People with Each Score
Percentile by Number Answered
Your Score History
You have not taken this quiz